<?xml version="1.0" encoding="UTF-8"?>
<record
    xmlns:xsi="http://www.w3.org/2001/XMLSchema-instance"
    xsi:schemaLocation="http://www.loc.gov/MARC21/slim http://www.loc.gov/standards/marcxml/schema/MARC21slim.xsd"
    xmlns="http://www.loc.gov/MARC21/slim">

  <leader>00804nam a2200193   4500</leader>
  <controlfield tag="003">CO-ViMGA</controlfield>
  <controlfield tag="008">0</controlfield>
  <datafield tag="040" ind1=" " ind2=" ">
    <subfield code="a">CO-ViMGA</subfield>
    <subfield code="b">spa</subfield>
    <subfield code="c">CO-ViMGA</subfield>
  </datafield>
  <datafield tag="082" ind1="0" ind2="4">
    <subfield code="a">P CAN26</subfield>
  </datafield>
  <datafield tag="110" ind1=" " ind2=" ">
    <subfield code="a">Cantoalegre</subfield>
    <subfield code="9">11349</subfield>
  </datafield>
  <datafield tag="245" ind1="1" ind2="0">
    <subfield code="a">Los ni&#xF1;os tienen la palabra :</subfield>
    <subfield code="c">Cantoalegre</subfield>
    <subfield code="h">[grabaci&#xF3;n sonora] /</subfield>
  </datafield>
  <datafield tag="260" ind1=" " ind2=" ">
    <subfield code="a">Medell&#xED;n :</subfield>
    <subfield code="b">Cantoalegre,</subfield>
    <subfield code="c">c2007</subfield>
  </datafield>
  <datafield tag="300" ind1=" " ind2=" ">
    <subfield code="a">1 CD :</subfield>
    <subfield code="b">digital ;</subfield>
    <subfield code="c">4 3/4 plg.</subfield>
  </datafield>
  <datafield tag="505" ind1=" " ind2=" ">
    <subfield code="a">1. Tu tienes la palabra -- 2. Abc -- 3. Canci&#xF3;n en blanco y negro -- 4. Ronda de las disparejas -- 5. Al cuaderno -- 6. Las polillas -- 7. Papelomba -- 8. Raspadura y panela -- 9. Abuelo -- 10. Canci&#xF3;n de la maga esperanza -- 11. La bola, Herederos del futuro. :   :</subfield>
  </datafield>
  <datafield tag="650" ind1="1" ind2="4">
    <subfield code="a"> Canciones infantiles</subfield>
    <subfield code="9">614</subfield>
  </datafield>
  <datafield tag="650" ind1="1" ind2="4">
    <subfield code="a"> M&#xFA;sica para ni&#xF1;os</subfield>
    <subfield code="9">11350</subfield>
  </datafield>
  <datafield tag="650" ind1="1" ind2="4">
    <subfield code="a">M&#xFA;sica bailable</subfield>
    <subfield code="9">11351</subfield>
  </datafield>
  <datafield tag="942" ind1=" " ind2=" ">
    <subfield code="2">ddc</subfield>
    <subfield code="c">DVD</subfield>
  </datafield>
  <datafield tag="999" ind1=" " ind2=" ">
    <subfield code="c">36868</subfield>
    <subfield code="d">36868</subfield>
  </datafield>
  <datafield tag="952" ind1=" " ind2=" ">
    <subfield code="0">0</subfield>
    <subfield code="1">0</subfield>
    <subfield code="2">ddc</subfield>
    <subfield code="4">0</subfield>
    <subfield code="7">1</subfield>
    <subfield code="8">003</subfield>
    <subfield code="a">MEVIECAR</subfield>
    <subfield code="b">MEVIECAR</subfield>
    <subfield code="d">2017-09-22</subfield>
    <subfield code="l">0</subfield>
    <subfield code="o">P CAN26</subfield>
    <subfield code="p">31774</subfield>
    <subfield code="r">2017-09-22 00:00:00</subfield>
    <subfield code="w">2017-09-22</subfield>
    <subfield code="y">CD</subfield>
  </datafield>
</record>
